Oddzialywanie Ministerstwa Handlu Zagranicznego i Przemyslu w Japonii na gospodarke.

Zdrojom japonských úspechov v hospodárstve je rozvoj opierajúci sa o stratégiu ustavičných inovácií. Činnosť ministerstva zahraničného obchodu a priemyslu ako hlavného stanu intervencie štátu do ekonomiky, ktorý určuje a realizuje priemyselnú a technickú politiku štátu a jeho spoločenské veľmi dôlež...

Full description

Saved in:
Bibliographic Details
Main Author: Szwedowski, S.
Format: Book Chapter
Language:Polish
Subjects:
Tags: Add Tag
No Tags, Be the first to tag this record!

MARC

LEADER 00000naa a2200000 4500
001 r011521
005 20221125122530.3
041 0 |a pol 
044 |a PL 
245 1 0 |a Oddzialywanie Ministerstwa Handlu Zagranicznego i Przemyslu w Japonii na gospodarke.  |c S. Szwedowski 
520 |a Zdrojom japonských úspechov v hospodárstve je rozvoj opierajúci sa o stratégiu ustavičných inovácií. Činnosť ministerstva zahraničného obchodu a priemyslu ako hlavného stanu intervencie štátu do ekonomiky, ktorý určuje a realizuje priemyselnú a technickú politiku štátu a jeho spoločenské veľmi dôležité národné ciele. Zákony z r. 1952 a ich význam pre hospodárstvo. Systém správnych opatrení v 70. rokoch. Formy činnosti tohto hlavného stanu. Význam podniku. 
610 2 0 |a stratégia hospodárska 
610 2 0 |a Japonsko 
610 2 0 |a ministerstvá 
610 2 0 |a inovácia 
610 2 0 |a intervencionizmus štátny 
610 2 0 |a politika priemyselná 
610 2 0 |a rozvoj technický 
610 2 0 |a veda 
610 2 0 |a zákony 
610 2 0 |a 1952 
610 2 0 |a stratégia podniková 
610 2 0 |a trh 
100 1 |a Szwedowski, S.